000
00309nam a22001217a 4500
082
_a
242.5
_b
IDR
100
_a
Muhammad Idris
245
_a
Tarjuma Hassan Hasseen Bitarteeb Jadeed
_c
Muhammad Idris
260
_a
Lahore
_b
Taj Company Limited
_c
2000
300
_a
340p
563
_a
HB
942
_2
ddc
_c
BK
999
_c
592029
_d
592029